[Event "IPCA Wch 17th"]
[Site "Ruzomberok"]
[Date "2017.05.29"]
[Round "2"]
[White "Kaydanovich, Marina"]
[Black "Sergeeva, Anna"]
[Result "0-1"]
[WhiteElo "1781"]
[BlackElo "1407"]
[PlyCount "136"]
[EventDate "2017.05.28"]
[EventType "swiss"]
[EventRounds "9"]
[EventCountry "SVK"]
[SourceTitle "EXT 2018"]
[Source "ChessBase"]
[SourceDate "2017.10.13"]
[SourceVersion "1"]
[SourceVersionDate "2017.10.13"]
[SourceQuality "1"]

1. d4 c6 2. c4 d5 3. e3 Nf6 4. Nf3 Bg4 5. h3 Bh5 6. Be2 e6 7. Qb3 Qc7 8. Nc3 Bd6 9. Bd2 0-0 10. g4 Bg6 11. Nh4 Be4 12. Nf3 dxc4 13. Qxc4 b5 14. Qb3 a5 15. Rc1 a4 16. Qd1 Qb6 17. g5 Bxf3 18. Bxf3 Nd5 19. Ne4 Be7 20. h4 Nd7 21. Ng3 f6 22. gxf6 Bxf6 23. Ne4 Be7 24. Bg4 c5 25. dxc5 Nxc5 26. Nxc5 Bxc5 27. Bxe6+ Qxe6 28. Rxc5 Qf6 29. Rf1 Ne7 30. Rxb5 Qxh4 31. Qh5 Qe4 32. a3 Nf5 33. Qh1 Qb1+ 34. Ke2 Nd4+ 35. exd4 Rae8+ 36. Re5 Rxe5+ 37. dxe5 Qxb2 38. Qd5+ Kh8 39. Qc5 Re8 40. f4 g5 41. Qc3 Qb5+ 42. Qd3 Qc6 43. Be3 Qg2+ 44. Rf2 Qg4+ 45. Kd2 gxf4 46. Bxf4 Qc8 47. Ke1 Rd8 48. Qc2 Qa8 49. Rh2 Qa7 50. Qf2 Qa5+ 51. Kf1 Rd1+ 52. Kg2 Qd5+ 53. Qf3 Rg1+ 54. Kf2 Rf1+ 55. Kxf1 Qxf3+ 56. Rf2 Qd1+ 57. Kg2 Qg4+ 58. Bg3 h5 59. Rf4 Qe2+ 60. Kh3 Qb5 61. e6 Qc6 62. Rf6 Kg7 63. Be5 Qh1+ 64. Kg3 Qe1+ 65. Kf4 Qf2+ 66. Kg5 Qe3+ 67. Bf4 Qc5+ 68. Rf5 Qg1+ 0-1

[Event "RUS-ch IPCA"]
[Site "Volgograd"]
[Date "2017.05.03"]
[Round "4"]
[White "Kaydanovich, Marina"]
[Black "Kolomytchenko, Igor Aleksandrovich"]
[Result "0-1"]
[WhiteElo "1781"]
[BlackElo "2000"]
[PlyCount "81"]
[EventDate "2017.04.30"]
[EventType "swiss"]
[EventRounds "9"]
[EventCountry "RUS"]
[SourceTitle "CBM 178 Extra"]
[Source "ChessBase"]
[SourceDate "2017.06.22"]
[SourceVersion "1"]
[SourceVersionDate "2017.06.22"]
[SourceQuality "1"]

1. d4 Nf6 2. Nf3 e6 3. Bg5 Be7 4. e3 b6 5. Bd3 Bb7 6. 0-0 0-0 7. Re1 d5 8. Nbd2 Nbd7 9. h3 h6 10. Bf4 Bd6 11. Ne5 Bxe5 12. dxe5 Ne8 13. c3 f5 14. Qh5 Qe7 15. g4 Nc5 16. Bc2 Ne4 17. Nxe4 fxe4 18. Qg6 Qf7 19. Qxf7+ Rxf7 20. Ba4 c6 21. Red1 b5 22. Bc2 g5 23. Bg3 Nc7 24. Rd2 Kg7 25. Bd1 a5 26. Be2 c5 27. Rf1 Raf8 28. Kg2 Bc6 29. Rfd1 Rb8 30. Rc1 c4 31. h4 Na6 32. h5 Nc5 33. Kf1 b4 34. Ke1 Rfb7 35. Ra1 bxc3 36. bxc3 Na4 37. Rc2 Nc5 38. Rac1 Rb2 39. Rd2 a4 40. Rcc2 a3 41. Bd1 0-1